Fianancial Management: (Record no. 183274)
[ view plain ]
| 000 -LEADER | |
|---|---|
| fixed length control field | 00674 a2200205 4500 |
| 005 - DATE AND TIME OF LATEST TRANSACTION | |
| control field | 20211221164646.0 |
| 010 ## - LCCN (DPL NO) | |
| LC control number | ENG-130477 |
| 020 ## - INTERNATIONAL STANDARD BOOK NUMBER | |
| International Standard Book Number | 978-93-89811-33-9 |
| Terms of availability | 768.00 |
| 035 ## - SYSTEM CONTROL NUMBER | |
| System control number | EN-114009 |
| 037 ## - SOURCE OF ACQUISITION | |
| Source of stock number/acquisition | DBAD/PUB |
| 082 ## - DEWEY DECIMAL CLASSIFICATION NUMBER | |
| Classification number | 658.15 |
| Item number | 1 |
| 100 ## - MAIN ENTRY--PERSONAL NAME | |
| Personal name | Tulsian, PC |
| 245 ## - TITLE STATEMENT | |
| Title | Fianancial Management: |
| Statement of responsibility, etc | PC Tulsian, Bharat Tulsian, Tushar Tulsain |
| 260 ## - PUBLICATION, DISTRIBUTION, ETC. (IMPRINT) | |
| Place of publication, distribution, etc | Tamill Nadu |
| Name of publisher, distributor, etc | McGraw Hill Education Private Limited |
| Date of publication, distribution, etc | 2021 |
| 270 ## - ADDRESS | |
| Address | 444/1, Sri Ekambara Naicker Industrial Estate, Alapakkam, Porur |
| City | Chennai |
| Postal code | 600116 |
| 300 ## - PHYSICAL DESCRIPTION | |
| Extent | 960p. |
| Dimensions | 25cm (pbk) |
| 700 ## - ADDED ENTRY--PERSONAL NAME | |
| Personal name | Tulsian, Bharat |
| 700 ## - ADDED ENTRY--PERSONAL NAME | |
| Personal name | Tulsian, Tushar |
| 942 ## - ADDED ENTRY ELEMENTS (KOHA) | |
| Institution code [OBSOLETE] | dpl |
| Item type | English Books |
| Source of classification or shelving scheme | Dewey Decimal Classification |
| Classification part | 658.15 |
| Call number suffix | TUL |
| Withdrawn status | Lost status | Not for loan | Collection code | Home library | Current library | Date acquired | Source of acquisition | Cost, normal purchase price | Full call number | Barcode | Copy number | Cost, replacement price | Koha item type |
|---|---|---|---|---|---|---|---|---|---|---|---|---|---|
| Non-fiction | Mobile Library | Mobile Library | 21/12/2021 | DBAD/PUB | 768.00 | 658.15 TUL | EN-114009 | 1 | 768.00 | English Books |
